| 000 | 00566nam a22002057a 4500 | ||
|---|---|---|---|
| 003 | 0 | ||
| 005 | 20241003080738.0 | ||
| 008 | 241003b xxu||||| |||| 00| 0 eng d | ||
| 020 | _a9780593117521 | ||
| 050 |
_aPZ 7 _b.Y48 2021 |
||
| 100 |
_aYen, Jennifer, _eauthor. |
||
| 245 |
_aA taste for love / _cJennifer Yen. |
||
| 260 |
_aNew York, NY : _bRazorbill, _c2021. |
||
| 300 |
_a322 p. ; _c22 cm. |
||
| 650 |
_aDating _vFiction. |
||
| 650 |
_aBaking _vFiction. |
||
| 650 |
_aTaiwanese Americans _vFiction. |
||
| 650 |
_aAsian Americans _vFiction. |
||
| 942 |
_2lcc _cBK |
||
| 999 |
_c366440 _d366440 |
||